[Event "Wroclaw Anderssen Memorial op-B"]
[Site "Wroclaw"]
[Date "2023.??.??"]
[Round "1"]
[White "Szuber, Dawid"]
[Black "Szewczyk, Michal"]
[Result "1-0"]
[WhiteElo "1756"]
[BlackElo "1414"]
[PlyCount "64"]
[EventDate "2023.08.06"]
[EventType "swiss"]
[EventRounds "9"]
[EventCountry "POL"]
[SourceTitle "EXT 2024"]
[Source "ChessBase"]
[SourceDate "2023.10.10"]
[SourceVersion "1"]
[SourceVersionDate "2023.10.10"]
[SourceQuality "1"]

1. e4 c6 2. d4 d5 3. e5 c5 4. c3 Nc6 5. Nf3 cxd4 6. cxd4 Bg4 7. Be2 e6 8. Nbd2 Nge7 9. h3 Bxf3 10. Nxf3 Nf5 11. g4 Bb4+ 12. Kf1 Nfe7 13. a3 Ba5 14. b4 Bb6 15. Be3 h5 16. Kg2 Rc8 17. Qd2 Ng6 18. Bd3 Kd7 19. Bxg6 fxg6 20. Qd3 Qe8 21. Nh4 hxg4 22. hxg4 Qf7 23. Rad1 g5 24. Nf3 Rxh1 25. Rxh1 Rf8 26. Nxg5 Qe7 27. Nf3 Qf7 28. Rh3 Bd8 29. g5 g6 30. Nh4 Bxg5 31. Rf3 Qg7 32. Bxg5 Nb8 1-0